Southville International School and Colleges
Your cart is empty.
  • Cart
  • Lists
    Public lists Eva Luna New books Lux_list list_1
    Your lists Log in to create your own lists
  • Log in to your account
  • Your cookies
  • Search history
Southville International School and Colleges
  • Advanced search
  • Recent comments
  • Most popular
  • Libraries

Log in to your account

Log in with GOOGLE


If you do not have an external account, but do have a local account, you can still log in:

  1. Home
  2. MARC view: Usborne big machines diggers and cranes /
Normal view MARC view ISBD view

Usborne big machines diggers and cranes / (Record no. 110228)

[ view plain ]
MARC details
000 -LEADER
fixed length control field 00762nam a2200205 a 4500
001 - CONTROL NUMBER
control field 4116
005 - DATE AND TIME OF LATEST TRANSACTION
control field 20140414131852.0
008 - FIXED-LENGTH DATA ELEMENTS--GENERAL INFORMATION
fixed length control field 090206s19uu xx 00 eng d
020 ## - INTERNATIONAL STANDARD BOOK NUMBER
International Standard Book Number 978-0-439-02705-2
050 ## - LIBRARY OF CONGRESS CALL NUMBER
Classification number M 621.8
Item number Y8 2007
100 ## - MAIN ENTRY--PERSONAL NAME
Personal name Young, Caroline
245 ## - TITLE STATEMENT
Title Usborne big machines diggers and cranes /
Statement of responsibility, etc Caroline Young ; designed by Steve Page ; illustrated by Chris Lyon and Teri Gower ; additional illustrations by Nick Hawker ; cover design by Tom L.
260 ## - PUBLICATION, DISTRIBUTION, ETC. (IMPRINT)
Place of publication, distribution, etc New York :
Name of publisher, distributor, etc Scholastic,
Date of publication, distribution, etc 2007.
300 ## - PHYSICAL DESCRIPTION
Extent 32 p. : col., ill. ; cm.
650 ## - SUBJECT ADDED ENTRY--TOPICAL TERM
Topical term or geographic name as entry element Earthmoving machinery
General subdivision Juvenile literature.
650 ## - SUBJECT ADDED ENTRY--TOPICAL TERM
Topical term or geographic name as entry element Cranes, derricks, etc.
General subdivision Juvenile literature.
650 ## - SUBJECT ADDED ENTRY--TOPICAL TERM
Topical term or geographic name as entry element Earthmoving machinery.
700 ## - ADDED ENTRY--PERSONAL NAME
Personal name Page, Steve
Holdings
Withdrawn status Lost status Damaged status Use restrictions Home library Current library Shelving location Date acquired Source of acquisition Cost, normal purchase price Total Checkouts Full call number Barcode Date last seen Price effective from Koha item type
        Munich Library Munich Library Main Section 02/06/2009   145.00   M 621.8 Y8 2007 M0562 04/14/2014 04/14/2014 Books

Usborne big machines diggers and cranes /

APA

Young C., Page S., . (2007). Usborne big machines diggers and cranes. New York: Scholastic.

Chicago

Young Caroline, Page Steve, . 2007. Usborne big machines diggers and cranes. New York: Scholastic.

Harvard

Young C., Page S., . (2007). Usborne big machines diggers and cranes. New York: Scholastic.

MLA

Young Caroline, Page Steve, . Usborne big machines diggers and cranes. New York: Scholastic. 2007.

  • Place hold
  • Print
  • Cite
  • Add to your cart (remove)
  • Save record
    BIBTEX Dublin Core MARCXML MARC (non-Unicode/MARC-8) MARC (Unicode/UTF-8) MARC (Unicode/UTF-8, Standard) MODS (XML) RIS
  • More searches
    Search for this title in:
    Other Libraries (WorldCat) Other Databases (Google Scholar) Online Stores (Bookfinder.com) Open Library (openlibrary.org)

Exporting to Dublin Core...

SOUTHVILLE LIBRARY

Southville International School and Colleges Library

1281 Tropical Ave. Cor. Luxembourg St., BF Homes International, Las Pinas City

Tel. No. 8256374 / 252358 Loc. 117/146

Powered by Koha